000 00819nam a22002417a 4500
005 20180224120823.0
010 _aBAC-EN21 ENG-111632 B-663929
020 _a9780007594467
_c299.00
035 _aEN-95164
035 _aB-583218-235
035 _aB-663929
037 _adpl
_bPansy Books/Ven
037 _aDBAD/PUB
082 _aN
100 _aLessing,Doris
245 _aThe grass is singing /
_cby Doris Lessing
260 _aLondon
_bFourth Estate
_c2013
270 _a77-85 Fulham Palace Road,Hammersmith
_bLondon
_eW6 8JB
300 _a206p.
_c21cm(pbk)
942 _2ddc
_cEN
_mLES
_hN
999 _c89257
_d89257